<?xml version="1.0" encoding="UTF-8"?>
<record
    xmlns:xsi="http://www.w3.org/2001/XMLSchema-instance"
    xsi:schemaLocation="http://www.loc.gov/MARC21/slim http://www.loc.gov/standards/marcxml/schema/MARC21slim.xsd"
    xmlns="http://www.loc.gov/MARC21/slim">

  <leader>03794cam a22003617a 4500</leader>
  <controlfield tag="001">17176896</controlfield>
  <controlfield tag="003">OSt</controlfield>
  <controlfield tag="005">20250131133802.0</controlfield>
  <controlfield tag="008">120222s2011    sa       b    001 0 eng d</controlfield>
  <datafield tag="010" ind1=" " ind2=" ">
    <subfield code="a">  2012359918</subfield>
  </datafield>
  <datafield tag="020" ind1=" " ind2=" ">
    <subfield code="a">9781869142070 (pbk.)</subfield>
  </datafield>
  <datafield tag="020" ind1=" " ind2=" ">
    <subfield code="a">1869142071 (pbk.)</subfield>
  </datafield>
  <datafield tag="035" ind1=" " ind2=" ">
    <subfield code="a">(OCoLC)ocn749853242</subfield>
  </datafield>
  <datafield tag="040" ind1=" " ind2=" ">
    <subfield code="a">BTCTA</subfield>
    <subfield code="b">eng</subfield>
    <subfield code="c">BTCTA</subfield>
    <subfield code="d">YDXCP</subfield>
    <subfield code="d">OI@</subfield>
    <subfield code="d">CLU</subfield>
    <subfield code="d">DLC</subfield>
  </datafield>
  <datafield tag="042" ind1=" " ind2=" ">
    <subfield code="a">lccopycat</subfield>
  </datafield>
  <datafield tag="050" ind1="0" ind2="0">
    <subfield code="a">RA643.8</subfield>
    <subfield code="b">.R45 2011</subfield>
  </datafield>
  <datafield tag="082" ind1="0" ind2="4">
    <subfield code="a">201.7621969792</subfield>
    <subfield code="2">23</subfield>
  </datafield>
  <datafield tag="245" ind1="0" ind2="0">
    <subfield code="a">Religion and HIV and AIDS :</subfield>
    <subfield code="b">charting the terrain /</subfield>
    <subfield code="c">edited by Beverley Haddad.</subfield>
  </datafield>
  <datafield tag="260" ind1=" " ind2=" ">
    <subfield code="a">Scottsville :</subfield>
    <subfield code="b">University of Kwazulu-Natal Press,</subfield>
    <subfield code="c">2011.</subfield>
  </datafield>
  <datafield tag="300" ind1=" " ind2=" ">
    <subfield code="a">xv, 430 p. ;</subfield>
    <subfield code="c">24 cm.</subfield>
  </datafield>
  <datafield tag="504" ind1=" " ind2=" ">
    <subfield code="a">Includes bibliographical references and index.</subfield>
  </datafield>
  <datafield tag="520" ind1=" " ind2=" ">
    <subfield code="a">Introduction. Cartography of HIV and AIDS, religion and theology: an overview / Beverley Haddad. Pt. 1. Engaging the public realm. 1. Religion and medicine in the context of HIV and AIDS: a landscaping review / Jill Olivier and Gillian Paterson. Practitioner response / Greg Manning -- 2. HIV, AIDS and religion in sub-Saharan Africa: an historical survey / Philippe Denis. Practitioner response / Alison Munro -- 3. Religion and policy on HIV and AIDS: a rapidly shifting landscape / Jill Olivier. Practitioner response / Bongi Zengele -- 4. Statements by religious organisations on HIV and AIDS: intersecting the public realm / Martha Frederiks. Practitioner response / Paula Clifford. Pt. 2. Engaging the religious and theological realm. 5. Sacred texts, particularly the Bible and Qur'an and HIV and AIDS: charting the textual territory / Gerald West. Practitioner response / Monica Jyotsna Melanchthon -- 6. Systematic theological reflection on HIV and AIDS: mapping the terrain / Steve de Gruchy. Practitioner response / Jan Bjarne S&#xF8;dal -- 7. Comparative ethics and HIV and AIDS: interrogating the gaps / Domoka Lucinda Manda. Practitioner response / Farik Esack -- 8. Missiology and HIV and AIDS: defining the contours / Ute Hedrich. Practitioner response / Benson Okyere-Manu. Pt. 3. Engaging the socio-cultural realm. 9. African traditional religions and HIV and AIDS: exploring the boundaries / Ezra Chitando. Practitioner response / Phumzile Zondi-Mabizela -- 10. African cultures and gender in the context of HIV and AIDS: probing these practices / Nyokabi Kamau. Practitioner response / Ezra Chitando -- 11. Transforming masculinities towards gender justice in an era of HIV and AIDS: plotting the pathways / Adriaan van Klinken. Practitioner response / Lilian Silwa -- 12. Children seldom seen and heard: identifying the religious HIV and AIDS discourse / Genevieve James. Practitioner response / Bongi Zengele. Pt. 4. Engaging the communal realm. 13. Religion and HIV prevention: surveying the contestations / Greg Manning. Practitioner response / Johannes Petrus Mokgethi-Heath -- 14. HIV, AIDS and stigma: discerning the silences / Gillian Paterson. Practitioner response / Gideon Byamugisha -- 15. Religious community care and support in the context of HIV and AIDS: outlining the contours / Jill Olivier and Paula Clifford. Practitioner response / Edwina Ward -- 16. Stories of hope: navigating HIV pathways of life / Phumzile Zondi-Mabizela ... [et al.]</subfield>
  </datafield>
  <datafield tag="650" ind1=" " ind2="0">
    <subfield code="a">AIDS (Disease)</subfield>
    <subfield code="x">Religious aspects.</subfield>
  </datafield>
  <datafield tag="650" ind1=" " ind2="0">
    <subfield code="a">AIDS (Disease)</subfield>
    <subfield code="x">Religious aspects</subfield>
    <subfield code="x">Christianity.</subfield>
  </datafield>
  <datafield tag="650" ind1=" " ind2="0">
    <subfield code="a">AIDS (Disease)</subfield>
    <subfield code="x">Religious aspects</subfield>
    <subfield code="x">Islam.</subfield>
  </datafield>
  <datafield tag="650" ind1=" " ind2="0">
    <subfield code="a">HIV infections</subfield>
    <subfield code="x">Religious aspects.</subfield>
  </datafield>
  <datafield tag="650" ind1=" " ind2="0">
    <subfield code="a">HIV infections</subfield>
    <subfield code="x">Religious aspects</subfield>
    <subfield code="x">Christianity.</subfield>
  </datafield>
  <datafield tag="650" ind1=" " ind2="0">
    <subfield code="a">HIV infections</subfield>
    <subfield code="x">Religious aspects</subfield>
    <subfield code="x">Islam.</subfield>
  </datafield>
  <datafield tag="700" ind1="1" ind2=" ">
    <subfield code="a">Haddad, Bev.</subfield>
  </datafield>
  <datafield tag="906" ind1=" " ind2=" ">
    <subfield code="a">7</subfield>
    <subfield code="b">cbc</subfield>
    <subfield code="c">copycat</subfield>
    <subfield code="d">2</subfield>
    <subfield code="e">ncip</subfield>
    <subfield code="f">20</subfield>
    <subfield code="g">y-gencatlg</subfield>
  </datafield>
  <datafield tag="942" ind1=" " ind2=" ">
    <subfield code="2">ddc</subfield>
    <subfield code="c">BK</subfield>
  </datafield>
  <datafield tag="999" ind1=" " ind2=" ">
    <subfield code="c">4079</subfield>
    <subfield code="d">4079</subfield>
  </datafield>
  <datafield tag="952" ind1=" " ind2=" ">
    <subfield code="0">0</subfield>
    <subfield code="1">0</subfield>
    <subfield code="2">ddc</subfield>
    <subfield code="4">0</subfield>
    <subfield code="7">0</subfield>
    <subfield code="a">001</subfield>
    <subfield code="b">001</subfield>
    <subfield code="d">2025-01-31</subfield>
    <subfield code="l">0</subfield>
    <subfield code="o">201.762HAD</subfield>
    <subfield code="p">2025/0036</subfield>
    <subfield code="r">2025-01-31</subfield>
    <subfield code="w">2025-01-31</subfield>
    <subfield code="y">BK</subfield>
  </datafield>
</record>
